[Event "Team Championship (women rapid)"]
[Site "Sochi"]
[Date "2017.10.04"]
[Round "5.4"]
[White "Styazhkina, Anna"]
[Black "Shafigullina, Zarina"]
[Result "1-0"]
[LiveChessVersion "1.4.8"]
[BlackElo "2080"]
[WhiteElo "2225"]

1. e4 {[%clk 0:15:18]} c5 {[%clk 0:15:19]} 2. Nf3 {[%clk 0:15:26]} Nc6
{[%clk 0:15:28]} 3. Nc3 {[%clk 0:15:20]} Nf6 {[%clk 0:15:26]} 4. Bb5
{[%clk 0:14:35]} a6 {[%clk 0:14:12]} 5. Bxc6 {[%clk 0:13:54]} dxc6
{[%clk 0:14:21]} 6. e5 {[%clk 0:11:56]} Nd5 {[%clk 0:13:55]} 7. Ne4
{[%clk 0:11:57]} Qa5 {[%clk 0:12:25]} 8. O-O {[%clk 0:11:20]} Bf5
{[%clk 0:12:06]} 9. Ng3 {[%clk 0:11:07]} Bg6 {[%clk 0:12:02]} 10. e6
{[%clk 0:09:08]} f6 {[%clk 0:07:36]} 11. d3 {[%clk 0:07:53]} O-O-O
{[%clk 0:07:44]} 12. Qe2 {[%clk 0:07:54]} Be8 {[%clk 0:06:31]} 13. a3
{[%clk 0:07:17]} g5 {[%clk 0:06:24]} 14. Bd2 {[%clk 0:04:55]} Qc7
{[%clk 0:04:55]} 15. Ne4 {[%clk 0:04:37]} Nf4 {[%clk 0:04:07]} 16. Bxf4
{[%clk 0:04:32]} gxf4 {[%clk 0:03:12]} 17. Nxc5 {[%clk 0:04:24]} h5
{[%clk 0:02:12]} 18. h4 {[%clk 0:03:15]} Bg6 {[%clk 0:02:12]} 19. d4
{[%clk 0:02:08]} Bf5 {[%clk 0:02:06]} 20. c3 {[%clk 0:02:12]} Rg8
{[%clk 0:01:34]} 21. Kh2 {[%clk 0:01:51]} Rg4 {[%clk 0:01:41]} 22. Kh1
{[%clk 0:00:50]} Bh6 {[%clk 0:01:41]} 23. Rg1 {[%clk 0:00:45]} Rdg8
{[%clk 0:00:48]} 24. Rae1 {[%clk 0:00:46]} R4g7 {[%clk 0:00:52]} 25. Ne4
{[%clk 0:00:24]} Bg4 {[%clk 0:00:17]} 26. Ned2 {[%clk 0:00:27]} Rd8
{[%clk 0:00:21]} 27. Qe4 {[%clk 0:00:28]} Rd6 {[%clk 0:00:22]} 28. c4
{[%clk 0:00:13]} Rxe6 {[%clk 0:00:31]} 29. Qd3 {[%clk 0:00:21]} Rd6
{[%clk 0:00:25]} 30. c5 {[%clk 0:00:20]} Rd5 {[%clk 0:00:26]} 31. Nc4
{[%clk 0:00:21]} Kb8 {[%clk 0:00:12]} 32. Nb6 {[%clk 0:00:17]} Rd8
{[%clk 0:00:21]} 33. Qe4 {[%clk 0:00:13]} Rdg8 {[%clk 0:00:18]} 34. b4
{[%clk 0:00:15]} Bxf3 {[%clk 0:00:15]} 35. gxf3 {[%clk 0:00:24]} Rxg1+
{[%clk 0:00:19]} 36. Rxg1 {[%clk 0:00:33]} Rxg1+ {[%clk 0:00:14]} 37. Kxg1
{[%clk 0:00:42]} Qd8 {[%clk 0:00:14]} 38. Qh7 {[%clk 0:00:19]} Bf8
{[%clk 0:00:13]} 39. Qxh5 {[%clk 0:00:27]} Kc7 {[%clk 0:00:15]} 40. Qf5
{[%clk 0:00:25]} Bh6 {[%clk 0:00:18]} 41. Qe6 {[%clk 0:00:22]} Kb8
{[%clk 0:00:15]} 42. Kg2 {[%clk 0:00:17]} Ka7 {[%clk 0:00:12]} 43. Nc8+
{[%clk 0:00:20]} Kb8 {[%clk 0:00:21]} 44. Nxe7 {[%clk 0:00:24]} Qxd4
{[%clk 0:00:23]} 45. Nf5 {[%clk 0:00:31]} Qd5 {[%clk 0:00:24]} 46. Qxd5
{[%clk 0:00:35]} cxd5 {[%clk 0:00:34]} 47. Nxh6 {[%clk 0:00:44]} d4
{[%clk 0:00:43]} 48. Kf1 {[%clk 0:00:51]} 1-0

[Event "Team Championship (women rapid)"]
[Site "Sochi"]
[Date "2017.10.04"]
[Round "5.5"]
[White "Strukova, Ksenia"]
[Black "Charochkina, Daria"]
[Result "0-1"]
[LiveChessVersion "1.4.8"]
[BlackElo "2326"]
[WhiteElo "1824"]

1. e4 {[%clk 0:15:19]} d5 {[%clk 0:15:19]} 2. exd5 {[%clk 0:15:26]} Qxd5
{[%clk 0:15:27]} 3. Nf3 {[%clk 0:15:30]} Nf6 {[%clk 0:15:35]} 4. d4
{[%clk 0:15:30]} Bg4 {[%clk 0:15:42]} 5. c4 {[%clk 0:14:46]} Qf5 {[%clk 0:15:23]}
6. Be2 {[%clk 0:13:58]} Nc6 {[%clk 0:15:14]} 7. Be3 {[%clk 0:12:30]} O-O-O
{[%clk 0:15:09]} 8. Nc3 {[%clk 0:09:06]} e5 {[%clk 0:09:26]} 9. d5
{[%clk 0:07:36]} e4 {[%clk 0:09:25]} 10. Nd4 {[%clk 0:05:42]} Nxd4
{[%clk 0:08:36]} 11. Bxg4 {[%clk 0:05:18]} Nxg4 {[%clk 0:06:48]} 12. Qxd4
{[%clk 0:05:16]} b6 {[%clk 0:04:50]} 13. O-O-O {[%clk 0:01:43]} Bc5
{[%clk 0:04:33]} 14. Qxe4 {[%clk 0:00:52]} Qxe4 {[%clk 0:04:42]} 15. Nxe4
{[%clk 0:01:01]} Bxe3+ {[%clk 0:04:50]} 16. fxe3 {[%clk 0:01:10]} Rhe8
{[%clk 0:01:45]} 17. Ng5 {[%clk 0:00:13]} Nf2 {[%clk 0:01:31]} 18. Rdf1
{[%clk 0:00:11]} Nxh1 {[%clk 0:01:38]} 19. Rxh1 {[%clk 0:00:20]} h6
{[%clk 0:01:32]} 20. Nxf7 {[%clk 0:00:14]} Rd7 {[%clk 0:01:41]} 21. Rf1
{[%clk 0:00:10]} Rxe3 {[%clk 0:01:19]} 22. Kd2 {[%clk 0:00:13]} Re8
{[%clk 0:01:23]} 23. Rf3 {[%clk 0:00:13]} Kb8 {[%clk 0:01:28]} 24. Kd3
{[%clk 0:00:12]} Rde7 {[%clk 0:01:21]} 25. b4 {[%clk 0:00:12]} Re2
{[%clk 0:00:51]} 26. Rg3 {[%clk 0:00:17]} R2e7 {[%clk 0:00:23]} 27. Rf3
{[%clk 0:00:22]} a6 {[%clk 0:00:24]} 28. a4 {[%clk 0:00:26]} Rf8 {[%clk 0:00:31]}
29. Ne5 {[%clk 0:00:28]} Rxf3+ {[%clk 0:00:39]} 30. Nxf3 {[%clk 0:00:37]} Kc8
{[%clk 0:00:38]} 31. c5 {[%clk 0:00:38]} bxc5 {[%clk 0:00:45]} 32. bxc5
{[%clk 0:00:48]} Kd7 {[%clk 0:00:54]} 33. g4 {[%clk 0:00:25]} Re8
{[%clk 0:00:47]} 34. h4 {[%clk 0:00:19]} a5 {[%clk 0:00:31]} 35. Nd4
{[%clk 0:00:12]} Re5 {[%clk 0:00:36]} 36. Nf5 {[%clk 0:00:13]} Rxd5+
{[%clk 0:00:41]} 37. Kc4 {[%clk 0:00:23]} Re5 {[%clk 0:00:32]} 38. Kd4
{[%clk 0:00:18]} Re1 {[%clk 0:00:36]} 39. Nxg7 {[%clk 0:00:17]} Rg1
{[%clk 0:00:44]} 40. g5 {[%clk 0:00:13]} hxg5 {[%clk 0:00:50]} 41. h5
{[%clk 0:00:22]} Ke7 {[%clk 0:00:51]} 42. Nf5+ {[%clk 0:00:27]} Kf6
{[%clk 0:00:59]} 43. Ne3 {[%clk 0:00:36]} c6 {[%clk 0:01:01]} 44. h6
{[%clk 0:00:41]} Kg6 {[%clk 0:00:40]} 45. h7 {[%clk 0:00:25]} Kxh7
{[%clk 0:00:46]} 46. Nf5 {[%clk 0:00:34]} Rd1+ {[%clk 0:00:39]} 47. Kc4
{[%clk 0:00:31]} g4 {[%clk 0:00:39]} 48. Ne3 {[%clk 0:00:40]} g3 {[%clk 0:00:45]}
49. Nxd1 {[%clk 0:00:41]} g2 50. Kd4 0-1

[Event "Team Championship (women rapid)"]
[Site "Sochi"]
[Date "2017.10.04"]
[Round "5.6"]
[White "Vasilevich, Tatjana"]
[Black "Granovskaya, Ekaterina"]
[Result "1-0"]
[LiveChessVersion "1.4.8"]
[BlackElo "1722"]
[WhiteElo "2367"]

1. d4 {[%clk 0:15:19]} d5 {[%clk 0:15:19]} 2. Nf3 {[%clk 0:15:27]} Nf6
{[%clk 0:15:27]} 3. e3 {[%clk 0:15:36]} g6 {[%clk 0:15:26]} 4. c4
{[%clk 0:15:44]} dxc4 {[%clk 0:15:27]} 5. Bxc4 {[%clk 0:15:53]} Bg7
{[%clk 0:15:36]} 6. Ne5 {[%clk 0:15:53]} O-O {[%clk 0:15:32]} 7. Qb3
{[%clk 0:14:44]} e6 {[%clk 0:15:11]} 8. O-O {[%clk 0:14:51]} Nbd7
{[%clk 0:14:12]} 9. Rd1 {[%clk 0:14:27]} Qe7 {[%clk 0:08:46]} 10. Nxd7
{[%clk 0:14:30]} Nxd7 {[%clk 0:08:24]} 11. Nc3 {[%clk 0:14:24]} Nb6
{[%clk 0:08:15]} 12. Be2 {[%clk 0:13:52]} Bd7 {[%clk 0:07:57]} 13. Bf3
{[%clk 0:13:47]} Rab8 {[%clk 0:07:18]} 14. e4 {[%clk 0:13:28]} c5
{[%clk 0:07:14]} 15. dxc5 {[%clk 0:12:04]} Qxc5 {[%clk 0:07:03]} 16. Be3
{[%clk 0:11:47]} Qc7 {[%clk 0:06:58]} 17. Rac1 {[%clk 0:11:36]} Rbd8
{[%clk 0:04:28]} 18. Nd5 {[%clk 0:10:03]} Ba4 {[%clk 0:02:09]} 19. Nxc7
{[%clk 0:09:38]} Bxb3 {[%clk 0:02:09]} 20. axb3 {[%clk 0:09:47]} Bxb2
{[%clk 0:01:39]} 21. Rb1 {[%clk 0:09:52]} Rxd1+ {[%clk 0:01:21]} 22. Bxd1
{[%clk 0:09:41]} Be5 {[%clk 0:01:28]} 23. Nb5 {[%clk 0:09:46]} Nc8
{[%clk 0:00:46]} 24. Nxa7 {[%clk 0:09:41]} Nd6 {[%clk 0:00:15]} 25. f3
{[%clk 0:09:01]} Ra8 {[%clk 0:00:16]} 26. Be2 {[%clk 0:09:02]} Kg7
{[%clk 0:00:19]} 27. Rd1 {[%clk 0:08:57]} Nc8 {[%clk 0:00:18]} 28. Nb5
{[%clk 0:08:26]} Ra2 {[%clk 0:00:11]} 29. Bc4 {[%clk 0:08:22]} Ne7
{[%clk 0:00:13]} 30. f4 {[%clk 0:08:11]} Bb2 {[%clk 0:00:18]} 31. Rd7
{[%clk 0:07:25]} Nc6 {[%clk 0:00:22]} 32. Bxe6 {[%clk 0:07:18]} Ra1+
{[%clk 0:00:26]} 33. Kf2 {[%clk 0:07:27]} Nb4 {[%clk 0:00:26]} 34. Rxf7+
{[%clk 0:07:10]} Kh8 {[%clk 0:00:33]} 35. Rd7 {[%clk 0:06:38]} Bg7
{[%clk 0:00:21]} 36. Rd8+ {[%clk 0:06:42]} Bf8 {[%clk 0:00:25]} 37. Bd4#
{[%clk 0:06:49]} 1-0

[Event "Team Championship (women rapid)"]
[Site "Sochi"]
[Date "2017.10.04"]
[Round "5.7"]
[White "Ilyina, Lada"]
[Black "Gritsayeva, Oksana"]
[Result "0-1"]
[LiveChessVersion "1.4.8"]
[BlackElo "2358"]
[WhiteElo "1804"]

1. d4 {[%clk 0:15:18]} Nf6 {[%clk 0:15:19]} 2. c4 {[%clk 0:15:26]} e6
{[%clk 0:15:17]} 3. Nc3 {[%clk 0:15:29]} Bb4 {[%clk 0:15:26]} 4. Bd2
{[%clk 0:15:30]} d5 {[%clk 0:15:25]} 5. e3 {[%clk 0:15:34]} O-O {[%clk 0:15:27]}
6. Nf3 {[%clk 0:15:34]} b6 {[%clk 0:15:22]} 7. a3 {[%clk 0:15:34]} Bd6
{[%clk 0:14:49]} 8. b4 {[%clk 0:15:07]} c5 {[%clk 0:13:53]} 9. b5
{[%clk 0:13:47]} Bb7 {[%clk 0:12:52]} 10. Be2 {[%clk 0:12:30]} cxd4
{[%clk 0:11:05]} 11. exd4 {[%clk 0:12:23]} Nbd7 {[%clk 0:11:07]} 12. cxd5
{[%clk 0:11:53]} Nxd5 {[%clk 0:11:11]} 13. Nxd5 {[%clk 0:11:29]} Bxd5
{[%clk 0:11:19]} 14. O-O {[%clk 0:11:25]} Rc8 {[%clk 0:10:23]} 15. Qa4
{[%clk 0:10:50]} Qc7 {[%clk 0:09:38]} 16. Rac1 {[%clk 0:10:40]} Qb7
{[%clk 0:09:46]} 17. Bb4 {[%clk 0:10:32]} Bxb4 {[%clk 0:09:33]} 18. Qxb4
{[%clk 0:10:40]} Rc7 {[%clk 0:09:19]} 19. Qd6 {[%clk 0:08:37]} Rfc8
{[%clk 0:09:03]} 20. Qf4 {[%clk 0:08:32]} h6 {[%clk 0:08:50]} 21. Rxc7
{[%clk 0:06:23]} Qxc7 {[%clk 0:08:32]} 22. Ne5 {[%clk 0:05:40]} Nxe5
{[%clk 0:08:04]} 23. dxe5 {[%clk 0:05:18]} Qc3 {[%clk 0:07:48]} 24. Qg3
{[%clk 0:04:36]} Qxg3 {[%clk 0:07:40]} 25. hxg3 {[%clk 0:03:38]} Rc2
{[%clk 0:07:36]} 26. Bd1 {[%clk 0:02:52]} Ra2 {[%clk 0:07:41]} 27. a4
{[%clk 0:02:56]} Bc4 {[%clk 0:07:46]} 28. Re1 {[%clk 0:02:39]} Ra1
{[%clk 0:07:50]} 29. Re4 {[%clk 0:01:35]} Rxd1+ {[%clk 0:07:56]} 0-1

[Event "Team Championship (women rapid)"]
[Site "Sochi"]
[Date "2017.10.04"]
[Round "5.8"]
[White "Potapova, Margarita"]
[Black "Nur-Mukhametova, Alisa"]
[Result "1-0"]
[LiveChessVersion "1.4.8"]
[BlackElo "1683"]
[WhiteElo "2104"]

1. d4 {[%clk 0:15:17]} Nf6 {[%clk 0:15:18]} 2. c4 {[%clk 0:15:22]} c5
{[%clk 0:15:20]} 3. d5 {[%clk 0:15:21]} e6 {[%clk 0:15:26]} 4. Nc3
{[%clk 0:15:22]} exd5 {[%clk 0:15:32]} 5. cxd5 {[%clk 0:15:30]} d6
{[%clk 0:15:39]} 6. Nf3 {[%clk 0:15:37]} g6 {[%clk 0:15:42]} 7. g3
{[%clk 0:15:45]} Bg7 {[%clk 0:15:43]} 8. Bg2 {[%clk 0:15:53]} O-O
{[%clk 0:15:47]} 9. O-O {[%clk 0:15:58]} a6 {[%clk 0:15:53]} 10. a4
{[%clk 0:16:06]} Re8 {[%clk 0:15:16]} 11. Nd2 {[%clk 0:16:07]} Nbd7
{[%clk 0:15:08]} 12. Nc4 {[%clk 0:16:10]} Ne5 {[%clk 0:15:06]} 13. Na3
{[%clk 0:16:13]} Rb8 {[%clk 0:14:14]} 14. f4 {[%clk 0:15:19]} Ned7
{[%clk 0:13:51]} 15. e4 {[%clk 0:15:11]} Qc7 {[%clk 0:11:32]} 16. Re1
{[%clk 0:14:59]} Nf8 {[%clk 0:08:10]} 17. h3 {[%clk 0:14:18]} h5 {[%clk 0:07:52]}
18. Kh2 {[%clk 0:13:30]} Bd7 {[%clk 0:07:18]} 19. Qd3 {[%clk 0:12:26]} Bxa4
{[%clk 0:01:16]} 20. Nxa4 {[%clk 0:11:47]} b5 {[%clk 0:01:23]} 21. e5
{[%clk 0:09:55]} bxa4 {[%clk 0:00:22]} 22. Nc4 {[%clk 0:08:24]} dxe5
{[%clk 0:00:22]} 23. fxe5 {[%clk 0:08:21]} N6d7 {[%clk 0:00:24]} 24. Bf4
{[%clk 0:06:45]} g5 {[%clk 0:00:21]} 25. Bxg5 {[%clk 0:02:38]} Nxe5
{[%clk 0:00:22]} 26. d6 {[%clk 0:01:22]} Qd7 {[%clk 0:00:13]} 27. Nxe5
{[%clk 0:01:05]} Bxe5 {[%clk 0:00:22]} 28. Re4 {[%clk 0:00:39]} Rb3
{[%clk 0:00:17]} 29. Qe2 {[%clk 0:00:30]} Bxg3+ {[%clk 0:00:22]} 30. Kh1
{[%clk 0:00:40]} Rxe4 {[%clk 0:00:29]} 31. Qxe4 {[%clk 0:00:39]} Qxd6
{[%clk 0:00:32]} 32. Qxa4 {[%clk 0:00:35]} Rxb2 {[%clk 0:00:33]} 33. Rd1
{[%clk 0:00:27]} Qg6 {[%clk 0:00:31]} 34. Be7 {[%clk 0:00:22]} Bh4
{[%clk 0:00:15]} 35. Rg1 {[%clk 0:00:24]} Bxe7 {[%clk 0:00:14]} 36. Be4
{[%clk 0:00:26]} Bd6 {[%clk 0:00:18]} 37. Rxg6+ {[%clk 0:00:30]} fxg6
{[%clk 0:00:23]} 38. Qc4+ {[%clk 0:00:35]} Kh7 {[%clk 0:00:26]} 39. Qf7+
{[%clk 0:00:36]} Kh6 {[%clk 0:00:35]} 40. Qg8 {[%clk 0:00:38]} Rh2+
{[%clk 0:00:30]} 41. Kg1 {[%clk 0:00:47]} Rxh3 {[%clk 0:00:35]} 42. Qd5
{[%clk 0:00:45]} Bf4 {[%clk 0:00:34]} 43. Qf7 {[%clk 0:00:36]} Bd6
{[%clk 0:00:43]} 44. Qf6 {[%clk 0:00:37]} Re3 {[%clk 0:00:16]} 45. Qxd6
{[%clk 0:00:37]} Rxe4 {[%clk 0:00:25]} 46. Qxf8+ {[%clk 0:00:43]} Kg5
{[%clk 0:00:29]} 47. Qxc5+ {[%clk 0:00:47]} Kg4 {[%clk 0:00:34]} 48. Qc8+
{[%clk 0:00:45]} Kg5 {[%clk 0:00:40]} 49. Qxa6 {[%clk 0:00:49]} h4
{[%clk 0:00:43]} 50. Qd3 {[%clk 0:00:42]} Rg4+ {[%clk 0:00:47]} 51. Kh2
{[%clk 0:00:46]} Rg3 {[%clk 0:00:36]} 52. Qd5+ {[%clk 0:00:42]} Kh6
{[%clk 0:00:40]} 53. Qd6 {[%clk 0:00:37]} Kh5 {[%clk 0:00:35]} 54. Qd1+
{[%clk 0:00:38]} Kh6 {[%clk 0:00:39]} 55. Qd6 {[%clk 0:00:22]} Kh5
{[%clk 0:00:44]} 56. Qf8 {[%clk 0:00:16]} Kg5 {[%clk 0:00:28]} 57. Qf7
{[%clk 0:00:20]} Kh5 {[%clk 0:00:25]} 58. Qf6 {[%clk 0:00:22]} Rg5
{[%clk 0:00:13]} 59. Qf3+ {[%clk 0:00:22]} Kh6 {[%clk 0:00:17]} 60. Qf4
{[%clk 0:00:29]} Kh5 61. Qf3+ {[%clk 0:00:32]} Kh6 {[%clk 0:00:31]} 62. Qf6
{[%clk 0:00:37]} Kh5 {[%clk 0:00:35]} 63. Qf3+ {[%clk 0:00:28]} Kh6
{[%clk 0:00:44]} 64. Qf4 {[%clk 0:00:32]} Kh5 {[%clk 0:00:53]} 65. Qd4
{[%clk 0:00:37]} Rf5 {[%clk 0:00:54]} 66. Qh8+ {[%clk 0:00:38]} Kg4
{[%clk 0:00:32]} 67. Qd4+ {[%clk 0:00:37]} Kh5 {[%clk 0:00:36]} 68. Kh3
{[%clk 0:00:32]} Rf3+ {[%clk 0:00:43]} 69. Kg2 {[%clk 0:00:41]} Rf5
{[%clk 0:00:49]} 70. Kh3 {[%clk 0:00:46]} Rf3+ {[%clk 0:00:58]} 71. Kg2
{[%clk 0:00:56]} Rf5 {[%clk 0:01:07]} 72. Qh8+ {[%clk 0:00:57]} Kg4
{[%clk 0:01:01]} 73. Qh7 {[%clk 0:00:38]} Kg5 {[%clk 0:00:34]} 74. Qe7+
{[%clk 0:00:37]} Kh5 {[%clk 0:00:44]} 75. Kh3 {[%clk 0:00:36]} Rf3+
{[%clk 0:00:49]} 76. Kg2 {[%clk 0:00:46]} Rf5 {[%clk 0:00:58]} 77. Qe4
{[%clk 0:00:44]} Rg5+ {[%clk 0:00:50]} 78. Kh3 {[%clk 0:00:44]} Rg3+
{[%clk 0:00:58]} 79. Kh2 {[%clk 0:00:53]} Rg5 {[%clk 0:00:23]} 80. Qe2+
{[%clk 0:00:47]} Kh6 {[%clk 0:00:29]} 81. Qd2 {[%clk 0:00:49]} Kh5
{[%clk 0:00:36]} 82. Qd7 {[%clk 0:00:29]} Rf5 {[%clk 0:00:19]} 83. Qd4
{[%clk 0:00:29]} Kg5 {[%clk 0:00:21]} 84. Qe4 {[%clk 0:00:29]} Rf4
{[%clk 0:00:15]} 85. Qe3 {[%clk 0:00:24]} Kg4 {[%clk 0:00:15]} 86. Qg1+
{[%clk 0:00:27]} Kh5 {[%clk 0:00:22]} 87. Qc5+ {[%clk 0:00:29]} Rf5
{[%clk 0:00:28]} 88. Qe3 {[%clk 0:00:29]} Rg5 {[%clk 0:00:18]} 89. Qe2+
{[%clk 0:00:31]} Kh6 {[%clk 0:00:25]} 90. Qd2 {[%clk 0:00:33]} Kh5
{[%clk 0:00:33]} 91. Qd1+ {[%clk 0:00:41]} Kh6 {[%clk 0:00:38]} 92. Qd7
{[%clk 0:00:36]} Rf5 {[%clk 0:00:40]} 93. Qc6 {[%clk 0:00:37]} Kg5
{[%clk 0:00:38]} 94. Kh3 {[%clk 0:00:36]} Rf4 {[%clk 0:00:13]} 95. Qd5+
{[%clk 0:00:21]} Rf5 {[%clk 0:00:14]} 96. Qd8+ {[%clk 0:00:25]} Rf6
{[%clk 0:00:19]} 97. Qe7 {[%clk 0:00:30]} Kf5 {[%clk 0:00:23]} 98. Kxh4
{[%clk 0:00:33]} Re6 {[%clk 0:00:23]} 99. Qf7+ {[%clk 0:00:39]} Ke5
{[%clk 0:00:22]} 100. Kg5 {[%clk 0:00:36]} Rd6 {[%clk 0:00:13]} 101. Qe7+
{[%clk 0:00:36]} Kd5 {[%clk 0:00:15]} 102. Kf4 {[%clk 0:00:36]} Re6
{[%clk 0:00:16]} 103. Qf7 {[%clk 0:00:43]} Kd6 {[%clk 0:00:23]} 104. Qf8+
{[%clk 0:00:48]} Kd7 {[%clk 0:00:24]} 105. Qg7+ {[%clk 0:00:56]} Kd6
{[%clk 0:00:26]} 106. Qf7 {[%clk 0:01:04]} Kd5 {[%clk 0:00:28]} 107. Qd7+
{[%clk 0:00:30]} Rd6 {[%clk 0:00:37]} 108. Qc8 {[%clk 0:00:29]} Re6
{[%clk 0:00:37]} 109. Qc7 {[%clk 0:00:35]} Rc6 {[%clk 0:00:34]} 110. Qb7
{[%clk 0:00:42]} Kd6 {[%clk 0:00:28]} 111. Ke4 {[%clk 0:00:43]} Rc4+
{[%clk 0:00:26]} 112. Kd3 {[%clk 0:00:48]} Rc7 {[%clk 0:00:28]} 113. Qb8
{[%clk 0:00:54]} Kd7 {[%clk 0:00:23]} 114. Kd4 {[%clk 0:00:55]} Rc8
{[%clk 0:00:20]} 115. Qb5+ {[%clk 0:00:53]} Ke7 {[%clk 0:00:13]} 116. Qb7+
{[%clk 0:00:57]} Kd8 {[%clk 0:00:23]} 117. Kd5 {[%clk 0:00:59]} Rc7
{[%clk 0:00:28]} 118. Qb6 {[%clk 0:01:06]} Kc8 {[%clk 0:00:22]} 119. Qxg6
{[%clk 0:01:08]} Rd7+ {[%clk 0:00:30]} 120. Kc6 {[%clk 0:00:55]} Rc7+
{[%clk 0:00:39]} 121. Kb6 {[%clk 0:01:00]} Rb7+ {[%clk 0:00:47]} 122. Ka6
{[%clk 0:01:02]} Rd7 {[%clk 0:00:46]} 123. Qe8+ {[%clk 0:00:28]} Kc7
{[%clk 0:00:53]} 124. Kb5 {[%clk 0:00:26]} Rd5+ {[%clk 0:00:56]} 125. Kc4
{[%clk 0:00:34]} Rd8 {[%clk 0:00:55]} 126. Qe7+ {[%clk 0:00:42]} Rd7
{[%clk 0:01:04]} 127. Qe6 {[%clk 0:00:46]} Rd6 {[%clk 0:01:03]} 128. Qe5
{[%clk 0:00:51]} Kd7 {[%clk 0:01:10]} 129. Kc5 {[%clk 0:00:51]} Rc6+
{[%clk 0:01:18]} 130. Kd5 {[%clk 0:01:00]} Ra6 {[%clk 0:01:12]} 131. Qg7+
{[%clk 0:01:03]} Kc8 {[%clk 0:01:19]} 132. Qe7 {[%clk 0:00:58]} Kb8
{[%clk 0:01:20]} 133. Kc5 {[%clk 0:00:56]} Kc8 {[%clk 0:01:11]} 134. Qe8+
{[%clk 0:00:27]} Kc7 {[%clk 0:01:14]} 135. Qf7+ {[%clk 0:00:33]} Kc8
{[%clk 0:01:12]} 136. Kb5 {[%clk 0:00:34]} Rd6 {[%clk 0:01:17]} 137. Qe7
{[%clk 0:00:32]} Rd7 {[%clk 0:00:56]} 138. Qe8+ {[%clk 0:00:36]} Kc7
{[%clk 0:00:55]} 139. Kc5 {[%clk 0:00:39]} Rd8 {[%clk 0:01:00]} 140. Qe6
{[%clk 0:00:39]} Rd7 {[%clk 0:00:34]} 141. Qf6 {[%clk 0:00:30]} Kc8
{[%clk 0:00:28]} 142. Kc6 {[%clk 0:00:20]} Rc7+ {[%clk 0:00:37]} 143. Kd6
{[%clk 0:00:27]} Rd7+ {[%clk 0:00:34]} 144. Ke6 {[%clk 0:00:35]} Ra7
{[%clk 0:00:35]} 145. Qc3+ {[%clk 0:00:38]} Rc7 {[%clk 0:00:28]} 146. Qb4
{[%clk 0:00:35]} Rc6+ {[%clk 0:00:29]} 147. Ke7 {[%clk 0:00:36]} Rb6
{[%clk 0:00:18]} 148. Qc5+ {[%clk 0:00:39]} Kb7 {[%clk 0:00:25]} 149. Kd7
{[%clk 0:00:46]} Ka6 {[%clk 0:00:20]} 150. Qc4+ {[%clk 0:00:42]} Kb7
{[%clk 0:00:24]} 151. Qe4+ {[%clk 0:00:36]} Kb8 {[%clk 0:00:13]} 152. Qf4+
{[%clk 0:00:28]} Kb7 {[%clk 0:00:20]} 153. Qa4 {[%clk 0:00:24]} Ra6
{[%clk 0:00:20]} 154. Qb5+ {[%clk 0:00:30]} Rb6 {[%clk 0:00:28]} 155. Qa5
{[%clk 0:00:37]} Ra6 {[%clk 0:00:25]} 156. Qc7+ {[%clk 0:00:44]} Ka8
{[%clk 0:00:31]} 157. Qc8+ {[%clk 0:00:29]} Ka7 {[%clk 0:00:40]} 158. Qc7+
{[%clk 0:00:39]} Ka8 {[%clk 0:00:50]} 159. Kc8 {[%clk 0:00:20]} Rb6
{[%clk 0:00:56]} 160. Qc3 {[%clk 0:00:24]} Rb8+ {[%clk 0:01:00]} 161. Kc7
{[%clk 0:00:31]} Rb7+ {[%clk 0:01:09]} 162. Kc6 {[%clk 0:00:39]} Kb8
{[%clk 0:01:06]} 163. Qa5 {[%clk 0:00:35]} Kc8 {[%clk 0:00:13]} 164. Qa6
{[%clk 0:00:39]} Kd8 {[%clk 0:00:20]} 165. Qxb7 {[%clk 0:00:47]} Ke8
{[%clk 0:00:29]} 166. Kd6 {[%clk 0:00:56]} 1-0

[Event "Team Championship (women rapid)"]
[Site "Sochi"]
[Date "2017.10.04"]
[Round "5.9"]
[White "Ubiennykh, Ekaterina"]
[Black "Garifullina, Leya"]
[Result "1/2-1/2"]
[LiveChessVersion "1.4.8"]
[BlackElo "1840"]
[WhiteElo "2329"]

1. d4 {[%clk 0:15:18]} Nf6 {[%clk 0:15:00]} 2. c4 {[%clk 0:15:27]} e6
{[%clk 0:15:07]} 3. Nc3 {[%clk 0:15:35]} Bb4 {[%clk 0:14:40]} 4. e3
{[%clk 0:15:44]} b6 {[%clk 0:13:48]} 5. Nge2 {[%clk 0:15:46]} Ba6
{[%clk 0:13:39]} 6. a3 {[%clk 0:15:53]} Bxc3+ {[%clk 0:13:43]} 7. Nxc3
{[%clk 0:16:01]} d5 {[%clk 0:13:45]} 8. Be2 {[%clk 0:14:31]} dxc4
{[%clk 0:12:03]} 9. O-O {[%clk 0:14:35]} O-O {[%clk 0:10:46]} 10. e4
{[%clk 0:14:37]} Bb7 {[%clk 0:09:18]} 11. f3 {[%clk 0:14:40]} Nbd7
{[%clk 0:08:22]} 12. Bg5 {[%clk 0:14:09]} h6 {[%clk 0:08:12]} 13. Bh4
{[%clk 0:14:18]} Qc8 {[%clk 0:06:34]} 14. Bxc4 {[%clk 0:14:01]} c5
{[%clk 0:05:56]} 15. Rc1 {[%clk 0:13:45]} a6 {[%clk 0:04:22]} 16. e5
{[%clk 0:12:28]} Nh7 {[%clk 0:02:41]} 17. Re1 {[%clk 0:11:41]} cxd4
{[%clk 0:01:30]} 18. Qxd4 {[%clk 0:11:32]} Qc5 {[%clk 0:01:07]} 19. Rcd1
{[%clk 0:11:15]} b5 {[%clk 0:00:32]} 20. Bf1 {[%clk 0:11:10]} Rfc8
{[%clk 0:00:32]} 21. Qxc5 {[%clk 0:10:46]} Nxc5 {[%clk 0:00:33]} 22. Rd6
{[%clk 0:10:50]} Nf8 {[%clk 0:00:34]} 23. Red1 {[%clk 0:10:43]} Rc6
{[%clk 0:00:29]} 24. b4 {[%clk 0:09:36]} Rxd6 {[%clk 0:00:24]} 25. Rxd6
{[%clk 0:09:40]} Ncd7 {[%clk 0:00:27]} 26. f4 {[%clk 0:09:42]} Rc8
{[%clk 0:00:23]} 27. Be1 {[%clk 0:09:46]} Rc6 {[%clk 0:00:16]} 28. Rxc6
{[%clk 0:09:49]} Bxc6 {[%clk 0:00:25]} 29. Kf2 {[%clk 0:09:56]} g5
{[%clk 0:00:25]} 30. g3 {[%clk 0:10:00]} Ng6 {[%clk 0:00:28]} 31. Ke3
{[%clk 0:10:07]} gxf4+ {[%clk 0:00:32]} 32. gxf4 {[%clk 0:10:16]} Ne7
{[%clk 0:00:24]} 33. Bd3 {[%clk 0:10:14]} Nd5+ {[%clk 0:00:24]} 34. Nxd5
{[%clk 0:10:18]} Bxd5 {[%clk 0:00:32]} 35. Kd4 {[%clk 0:10:26]} Bc6
{[%clk 0:00:18]} 36. h4 {[%clk 0:08:59]} Kg7 {[%clk 0:00:15]} 37. Bd2
{[%clk 0:08:57]} f5 {[%clk 0:00:12]} 38. Be2 {[%clk 0:08:33]} Kf7
{[%clk 0:00:17]} 39. Be1 {[%clk 0:08:04]} Bb7 {[%clk 0:00:13]} 40. Bf2
{[%clk 0:07:49]} Be4 {[%clk 0:00:12]} 41. Kc3 {[%clk 0:07:55]} Bc6
{[%clk 0:00:15]} 42. a4 {[%clk 0:07:52]} Kg6 {[%clk 0:00:13]} 43. a5
{[%clk 0:07:33]} h5 {[%clk 0:00:16]} 44. Kd4 {[%clk 0:07:31]} Kh6
{[%clk 0:00:17]} 45. Bd1 {[%clk 0:07:31]} Kg6 {[%clk 0:00:25]} 46. Bb3
{[%clk 0:07:35]} Kf7 {[%clk 0:00:34]} 47. Be1 {[%clk 0:06:48]} Bf3
{[%clk 0:00:27]} 48. Ke3 {[%clk 0:06:47]} Bc6 {[%clk 0:00:35]} 49. Bc3
{[%clk 0:06:51]} Bb7 {[%clk 0:00:43]} 50. Bd4 {[%clk 0:06:45]} Bc6
{[%clk 0:00:51]} 51. Bb6 {[%clk 0:06:46]} Bb7 {[%clk 0:00:57]} 52. Bd8
{[%clk 0:06:54]} Bc6 {[%clk 0:01:05]} 53. Bd1 {[%clk 0:06:44]} Kg6
{[%clk 0:01:14]} 54. Be2 {[%clk 0:06:39]} Bb7 {[%clk 0:01:16]} 55. Bd1
{[%clk 0:05:16]} Bd5 {[%clk 0:01:19]} 56. Kd4 {[%clk 0:05:21]} Bc6
{[%clk 0:01:27]} 57. Ke4 1/2-1/2